| Tag |
First Indicator |
Second Indicator |
Subfields |
| LEADER |
00000cam a2200000 i 4500 |
| 001 |
in00004278713 |
| 005 |
20201021160316.0 |
| 008 |
190930t20192019scua b 001 0 eng d |
| 020 |
|
|
|a 9781643171111
|q paperback
|
| 020 |
|
|
|a 1643171119
|q paperback
|
| 020 |
|
|
|a 9781643171128
|q hardcover
|
| 020 |
|
|
|a 1643171127
|q hardcover
|
| 035 |
|
|
|a (OCoLC)on1121203336
|
| 040 |
|
|
|a BWM
|e rda
|c BWM
|d COO
|d BWK
|d TXA
|d UtOrBLW
|
| 049 |
|
|
|a TXAM
|
| 082 |
0 |
|
|a 427/.9729
|2 23
|
| 090 |
|
|
|a PM7874.C27
|b C37 2019
|
| 245 |
0 |
0 |
|a Creole composition :
|b academic writing and rhetoric in the Anglophone Caribbean /
|c edited by Vivette Milson-Whyte, Raymond Oenbring, and Brianne Jaquette.
|
| 264 |
|
1 |
|a Anderson, South Carolina :
|b Parlor Press,
|c [2019]
|
| 264 |
|
4 |
|c ©2019
|
| 300 |
|
|
|a xiv, 366 pages :
|b illustrations ;
|c 24 cm.
|
| 336 |
|
|
|a text
|b txt
|2 rdacontent
|
| 337 |
|
|
|a unmediated
|b n
|2 rdamedia
|
| 338 |
|
|
|a volume
|b nc
|2 rdacarrier
|
| 490 |
1 |
|
|a Laurer series in rhetoric and composition
|
| 504 |
|
|
|a Includes bibliographical references and index.
|
| 505 |
0 |
|
|a Preface: Hurricanes, colonialism and language / Vivette Milson-Whyte, Raymond Oenbring and Brianne Jaquette - - Introduction : Expanding linguistic diversity / Vivette Milson-Whyte, Raymond Oenbring and Bianne Jaquette - - Teaching literacy skills in the Jamaican Creole-speaking environment : a reflection / Carmeneta V. Jones - - Building around nation language : a critical reflection on teaching composition at the University of the Bahamas / Jacob Dyer Spiegel - - Teaching on Island time : deadlines, procrastination and composition at the University of The Bahamas / Christine E. Kozikowski - - Academic writing in the Caribbean : attitudes matter / Melissa L. Alleyne - - Understanding and shifting a marking community's response to students' writing : lessons from Jamaican instructors' "expression " comments / Annife Campbell - - Balancing composition and grammar in the UTech, Jamaica classroom / Daidrah Smith and Michelle Stewart-McKoy - - "African American" Anglophone Caribbean writers in a historically black university writing center / Kendra Mitchell - - Administrators' and lecturers' perceptions of English language-mediated academic literacy skills development at a Jamaican university / Clover Jones McKenzie and Beverley Josephs - - Solving problems and signaling potential in writing program administration at The University of the West Indies, St. Augustine Campus (UWISTA) / Tyrone Ali - - The small island polis: rhetorical pedagogy in the Caribbean / Raymond Oenbring - - Transnational and translingual perspectives on Creoles in education : casting a wider net into the Caribbean Sea / Valerie Combie - - Academic literacies : literacy facilitators' framework for self-empowerment in the Anglophone Caribbean postsecondary context / Clover Jones McKenzie and Tresecka Campbell-Dawes - - Postcolonial composition : appropriation and abrogation in the composition classroom / Heather M. Robinson - - Afterword : Creole composition?
|
| 650 |
|
0 |
|a Creole dialects
|x Study and teaching
|z Caribbean, English-speaking.
|
| 650 |
|
0 |
|a Academic writing
|x Study and teaching
|z Caribbean, English-speaking.
|
| 650 |
|
0 |
|a English language
|x Rhetoric
|x Study and teaching
|z Caribbean, English-speaking.
|
| 650 |
|
0 |
|a Language and culture.
|0 http://id.loc.gov/authorities/subjects/sh85074514
|
| 700 |
1 |
|
|a Milson-Whyte, Vivette,
|e editor.
|0 http://id.loc.gov/authorities/names/no2015073974
|
| 700 |
1 |
|
|a Oenbring, Raymond,
|e editor.
|
| 700 |
1 |
|
|a Jaquette, Brianne,
|e editor.
|0 http://id.loc.gov/authorities/names/n2019019815
|
| 830 |
|
0 |
|a Laurer series in rhetoric and composition.
|
| 945 |
|
|
|a PromptCat
|
| 948 |
|
|
|a cataloged
|b h
|c 2020/8/10
|d c
|e dmitchel
|f 9:10:20 am
|
| 994 |
|
|
|a C0
|b TXA
|
| 999 |
f |
f |
|s be4675dc-67cd-3661-8622-0bab2b8bdb77
|i 2d078731-c98f-3c58-9333-e26dc4684965
|t 0
|
| 952 |
f |
f |
|p normal
|a Texas A&M University
|b College Station
|c Sterling C. Evans Library
|d Evans: Library Stacks
|t 0
|e PM7874.C27 C37 2019
|h Library of Congress classification
|i unmediated -- volume
|m A14850792350
|
| 998 |
f |
f |
|a PM7874.C27 C37 2019
|t 0
|l Evans: Library Stacks
|